[Event "15th London Classic Open"]
[Site "London ENG"]
[Date "2025.12.03"]
[Round "9.46"]
[White "Hill, Alistair"]
[Black "Noy, Eyal"]
[Result "0-1"]
[BlackTitle "FM"]
[WhiteElo "2087"]
[BlackElo "2275"]
[WhiteFideId "432407"]
[BlackFideId "2821117"]
[EventDate "2025.11.27"]

1. e4 c5 2. Nf3 d6 3. d4 cxd4 4. Nxd4 Nf6 5. Nc3 Nc6 6. Bg5 Bd7 7. Be2 Qa5 8.
Bxf6 gxf6 9. O-O Nxd4 10. Qxd4 Rc8 11. a4 Qc5 12. Qxc5 Rxc5 13. Bb5 f5 14. exf5
Rxf5 15. Ra3 a6 16. Bd3 Rc5 17. Be4 Bc6 18. Bxc6+ bxc6 19. Rb3 f5 20. Rb6 a5 21.
Ne2 Bg7 22. c3 Kf7 23. Rd1 Ra8 24. Kf1 Rc4 25. b3 Rc5 26. Rd3 Ke8 27. Rh3 Kd8
28. Rxh7 Kc7 29. b4 Rd5 30. Nf4 Rd1+ 31. Ke2 Kxb6 32. Kxd1 Bxc3 33. b5 e5 34.
Ne2 Ba1 35. bxc6 Rc8 36. Rb7+ Kxc6 37. Rb1 Rg8 38. g3 Bd4 39. Nxd4+ exd4 40. Rb5
f4 41. Rxa5 Rh8 42. h4 d5 43. Rb5 Ra8 44. Rb3 Rxa4 45. gxf4 Kc5 46. Rh3 Kc4 47.
Kc2 Ra2+ 48. Kb1 Rxf2 49. h5 d3 50. Rh1 Kc3 51. h6 Rb2+ 52. Ka1 d2 0-1

[Event "15th London Classic Open"]
[Site "London ENG"]
[Date "2025.12.03"]
[Round "9.47"]
[White "Varney, Zoe"]
[Black "Dobrosmyslov, Artem"]
[Result "0-1"]
[WhiteTitle "WFM"]
[BlackTitle "FM"]
[WhiteElo "2062"]
[BlackElo "2254"]
[WhiteFideId "436135"]
[BlackFideId "24139521"]
[EventDate "2025.11.27"]

1. e4 e6 2. d4 d5 3. exd5 exd5 4. Nf3 Nf6 5. Bd3 c5 6. c3 Nc6 7. O-O cxd4 8.
Nxd4 Nxd4 9. cxd4 Be7 10. Nc3 O-O 11. Bg5 Be6 12. Rc1 Rc8 13. Qb3 Qd6 14. Nb5
Qb6 15. Bf4 Rxc1 16. Rxc1 Rc8 17. Bc7 Bd8 18. Bxb6 Rxc1+ 19. Bf1 Bxb6 20. Qe3
Rd1 21. Qe2 Ra1 22. a3 a6 23. Nc3 Bxd4 24. Nd1 Bg4 25. Qe7 h6 26. Be2 Bxe2 27.
Qxe2 Ne4 28. g3 Nxf2 29. Qe8+ Kh7 30. Kg2 Nxd1 31. Qxf7 Ne3+ 32. Kh3 Rf1 33.
Qxb7 Rf5 34. Kh4 Bf6+ 35. Kh3 Rh5# 0-1

[Event "15th London Classic Open"]
[Site "London ENG"]
[Date "2025.12.03"]
[Round "9.48"]
[White "Richardson, John R"]
[Black "Verbytski, Oleg"]
[Result "1/2-1/2"]
[WhiteTitle "FM"]
[WhiteElo "2224"]
[BlackElo "2092"]
[WhiteFideId "401617"]
[BlackFideId "495506"]
[EventDate "2025.11.27"]

1. d4 d5 2. c4 e6 3. Nc3 Nf6 4. Bg5 Be7 5. e3 h6 6. Bh4 O-O 7. Nf3 b6 8. cxd5
Nxd5 9. Bxe7 Qxe7 10. Rc1 Nxc3 11. Rxc3 Bb7 12. Bd3 Rc8 13. Bb1 Nd7 14. Qc2 Nf6
15. O-O Be4 16. Qa4 c5 17. Bxe4 Nxe4 18. Rcc1 cxd4 19. Nxd4 Qb7 1/2-1/2

[Event "15th London Classic Open"]
[Site "London ENG"]
[Date "2025.12.03"]
[Round "9.49"]
[White "Hariharan, Shambavi"]
[Black "O'cuilleanain, Oisin"]
[Result "1/2-1/2"]
[WhiteTitle "WFM"]
[WhiteElo "1988"]
[BlackElo "2170"]
[WhiteFideId "488160"]
[BlackFideId "2514249"]
[EventDate "2025.11.27"]

1. d4 Nf6 2. c4 g6 3. Nc3 Bg7 4. g3 O-O 5. Bg2 d6 6. Nf3 c6 7. h3 Bf5 8. O-O Ne4
9. Nb1 d5 10. Be3 Qb6 11. Qc1 c5 12. Nc3 Nxc3 13. bxc3 Be4 14. cxd5 cxd4 15.
Bxd4 Qc7 16. Bxg7 Kxg7 17. Qe3 Bxf3 18. Bxf3 Na6 19. Rfd1 Rfd8 20. c4 Nc5 21.
Rac1 Rac8 22. Qc3+ Kg8 23. e4 e5 24. dxe6 Nxe6 25. Rd5 b5 26. Rxd8+ Qxd8 27. Rd1
Qb6 28. Bg4 bxc4 29. Qf6 Rd8 30. Rc1 Qd4 31. Qxd4 Rxd4 32. Be2 Rxe4 33. Bxc4 Kg7
34. Bxe6 Rxe6 35. Rc2 Ra6 36. Kg2 Ra3 37. h4 Kf6 38. Re2 a5 39. Kg1 h5 40. Kg2
Kf5 41. Kg1 f6 42. Kg2 g5 43. hxg5 fxg5 44. Rc2 h4 45. Rc5+ Kg4 46. f3+ Kh5 47.
gxh4 Kxh4 48. Rc4+ Kh5 49. Rc2 a4 50. Kg3 Kg6 51. Kg4 Kf6 52. f4 gxf4 1/2-1/2

[Event "15th London Classic Open"]
[Site "London ENG"]
[Date "2025.12.03"]
[Round "9.50"]
[White "Manmay Chopra"]
[Black "Khachatouri, Saro"]
[Result "1-0"]
[WhiteTitle "CM"]
[WhiteElo "2142"]
[BlackElo "2100"]
[WhiteFideId "25649191"]
[BlackFideId "1638076"]
[EventDate "2025.11.27"]

1. e4 d6 2. d4 Nf6 3. Nc3 e5 4. Nge2 Be7 5. h3 c6 6. g4 O-O 7. Bg2 b5 8. a3 a5
9. Ng3 Ba6 10. O-O b4 11. Nce2 exd4 12. Qxd4 d5 13. e5 Nfd7 14. axb4 axb4 15.
Be3 Bc5 16. Qf4 Bxe3 17. Qxe3 Re8 18. f4 Nb6 19. Qd4 Nc4 20. Rf2 Nd7 21. Nf5 f6
22. Bxd5+ cxd5 23. Qxd5+ Kh8 24. Qf7 Rg8 25. Rxa6 Rxa6 26. Qxc4 Ra1+ 27. Kh2 Qb6
28. Rg2 fxe5 29. Qd5 Ra7 30. fxe5 Qc7 31. Nd6 Rf8 32. Nd4 Nb6 33. Qe4 Qc5 34.
Ne6 1-0

[Event "15th London Classic Open"]
[Site "London ENG"]
[Date "2025.12.03"]
[Round "9.51"]
[White "Hryshchenko, Kamila"]
[Black "Figeac, Aurelien"]
[Result "1-0"]
[WhiteTitle "WFM"]
[WhiteElo "2066"]
[BlackElo "2121"]
[WhiteFideId "14147491"]
[BlackFideId "616818"]
[EventDate "2025.11.27"]

1. e4 c6 2. d3 d5 3. Nd2 g6 4. g3 Bg7 5. Bg2 Nf6 6. Ne2 e5 7. b3 Be6 8. O-O Nbd7
9. Bb2 Qc7 10. h3 O-O-O 11. exd5 Bxd5 12. Nc4 Rhe8 13. a4 Nb6 14. Qc1 Nxc4 15.
bxc4 Bxg2 16. Kxg2 Ng8 17. Bc3 f5 18. Qb2 Rd7 19. a5 a6 20. Rfe1 g5 21. Ng1 e4
22. Bxg7 Rxg7 23. Ra3 Rge7 24. dxe4 fxe4 25. Qd4 Qe5 26. Qa7 Qb8 27. Qe3 Qe5 28.
Ne2 Nf6 29. Nc3 Rd8 30. Na4 h6 31. Qb6 Nd7 32. Qb4 c5 33. Qb1 Kb8 34. Rd1 Qc7
35. Rb3 Rf8 36. Nc3 Nf6 37. Nd5 Nxd5 38. cxd5 Ref7 39. Rd2 Qxa5 40. c3 c4 41.
Rb4 Qc5 42. Qe1 Rf3 43. Rbb2 e3 44. fxe3 Rxe3 45. Qb1 b5 46. Qd1 Qd6 47. Qg4
Rff3 48. Qxf3 Rxf3 49. Kxf3 Qe5 50. Rd4 h5 51. d6 g4+ 52. hxg4 hxg4+ 53. Kxg4
Kc8 54. d7+ Kd8 55. Kf3 Qe1 56. Rh2 Qf1+ 57. Rf2 Qh1+ 58. Ke2 1-0

[Event "15th London Classic Open"]
[Site "London ENG"]
[Date "2025.12.03"]
[Round "9.52"]
[White "Willmoth, Robert F"]
[Black "Gurevich, Artjom"]
[Result "1/2-1/2"]
[WhiteTitle "CM"]
[WhiteElo "2130"]
[BlackElo "2163"]
[WhiteFideId "402540"]
[BlackFideId "2603870"]
[EventDate "2025.11.27"]

1. d4 d5 2. c4 e6 3. Nf3 Nf6 4. g3 Be7 5. Bg2 O-O 6. O-O dxc4 7. Qc2 a6 8. a4
Bd7 9. Ne5 Nc6 10. Nxd7 Qxd7 11. e3 b5 12. b3 Nb4 13. Qe2 Rac8 14. bxc4 bxc4 15.
Rd1 Rfd8 16. Nc3 Nfd5 17. Qxc4 c5 18. Nxd5 exd5 19. Qb3 c4 20. Qc3 a5 21. e4 Nd3
22. Be3 Bb4 23. Qc2 dxe4 24. Bxe4 Qe7 25. Bxd3 cxd3 26. Qxd3 Rd5 27. Rdc1 Rcd8
28. Qf1 Qd7 29. Qg2 Be7 30. Rc4 Bf6 31. Rd1 Qg4 32. Rd2 h5 33. Qf1 Qf3 34. h4
Qg4 35. Qd1 Qe4 36. Rc5 Rb8 37. Rxd5 Qxd5 38. Rc2 Qe4 39. Rc1 g6 40. d5 Be5 41.
d6 Rd8 42. d7 Qb7 43. Rc8 Rxc8 44. d8=Q+ Rxd8 45. Qxd8+ Kg7 46. Qxa5 Qb1+ 47.
Kh2 Qe4 48. Qc5 Qxh4+ 49. Kg1 Qe4 50. a5 h4 51. f4 Bf6 52. gxh4 Qf3 53. a6 Qd1+
54. Kg2 Qe2+ 55. Bf2 Qxa6 56. h5 Qb7+ 57. Kg3 Qh1 58. hxg6 fxg6 59. Bg1 Qh4+ 60.
Kf3 Qh3+ 61. Ke4 Qg2+ 62. Kd3 Qf1+ 63. Ke4 Qg2+ 64. Kd3 Qf1+ 65. Ke4 Qg2+ 1/2-1/2